Ramuan makanan Islam

Bibliographic Details
Main Author: Sakr, Ahmad H. [ (Ahmad Hussein)] , 1933- (Author)
Format: Book
Published: Kuala Lumpur : Dewan Bahasa dan Pustaka , 1991
Subjects:

MARC

LEADER 00000cam a2200000 7i4500
001 0000006471
005 20190526093000.0
008 021119s1991
020 |a 9836219994 
090 0 0 |a BP184.9.D5   |b S212 
100 0 |a Sakr, Ahmad H. [  |q (Ahmad Hussein)] ,   |d 1933- ,   |e author 
240 0 2 |a A Muslim guide to food ingredients   |l [Bahasa Malaysia] 
245 0 0 |a Ramuan makanan Islam   |c Ahmad H. Sakr 
260 2 |a Kuala Lumpur :   |b Dewan Bahasa dan Pustaka ,   |c 1991 
300 |a xvii, 129 ms. ;   |c 23 sm. 
501 |a Terjemahan: A Muslim guide to food ingredients 
504 |a Mengandungi bibliografi (ms. 121-125) dan indeks 
650 0 |a Food   |x Religious aspects   |x Islam 
650 0 |a Muslims   |x Dietary laws 
999 |a 1000005858   |b Book   |c OPEN SHELF (30 DAYS)   |e Gong Badak Campus 
999 |a 1000005859   |b Book   |c Close Access   |e Gong Badak Campus 
999 |a 1000005860   |b Book   |c OPEN SHELF (30 DAYS)   |e Gong Badak Campus